Music Quiz

Random Music or City Quiz

Areas Codes mentioned by Ludacris Quiz Stats

 Plays Quiz not verified by Sporcle

Challenge
Share
Tweet
Embed
Score 0/42 Timer 08:00
0 Plays Today
City Represented % Correct
Manhattan212
67.3%
Atlanta404
66.7%
Washington DC202
66.7%
Miami305
66.7%
Detroit313
59.6%
Queens718
57.1%
Los Angeles213
57.1%
Honolulu808
55.1%
Chicago312
54.5%
Baltimore410
54.5%
Memphis901
50.6%
New Orelans504
50%
Norfolk757
48.1%
Las Vegas702
47.4%
Philadelphia215
47.4%
Jersey City201
46.2%
Birmingham205
44.2%
Seattle206
43.6%
Houston713
42.9%
San Francisco415
42.3%
Columbia803
41.7%
City Represented % Correct
Bridgeport203
41.7%
Lincoln402
41%
Milwaukee414
39.7%
Cleveland216
39.1%
Charlotte704
39.1%
St. Louis314
38.5%
Richmond804
38.5%
Dallas214
37.8%
Orlando407
37.8%
Indianapolis317
37.2%
Sacramento916
36.5%
Hagerstown301
36.5%
Jackson601
35.9%
Louisville502
35.9%
Houston281
34.6%
Dallas972
34.6%
Montgomery334
32.1%
Tallahassee850
30.8%
Shreveport318
30.1%
Jacksonville904
29.5%
Chicago Heights708
28.8%

You're not logged in!

Compare scores with friends on all Sporcle quizzes.
Join for Free
OR
Log In

You Might Also Like...

Show Comments

Extras

Top Quizzes Today


Score Distribution

Your Account Isn't Verified!

In order to create a playlist on Sporcle, you need to verify the email address you used during registration. Go to your Sporcle Settings to finish the process.

Report this User

Report this user for behavior that violates our Community Guidelines.

Details: